Statistics for Updated Top 5 Cities in Massachusetts by Population

Click here to take the quiz!

General Stats

  • This quiz has been taken 63 times
  • The average score is 3 of 5

Answer Stats

CountyCity% Correct
SuffolkBoston
100%
HampdenSpringfield
68%
MiddlesexCambridge
50%
MiddlesexLowell
48%
---------Worchester
9%

Score Distribution

Percentile by Number Answered

Percent of People with Each Score

Your Score History

You have not taken this quiz